00992cam a2200313 a 450000100060000000300080000600500170001400800390003102000150007003500190008504000270010404100080013106000170013908200270015610000250018324500580020826000530026630000330031949000500035250000200040250400300042265000220045265000240047465000330049865000290053165000420056065000320060283000440063412841BD-RjUL20211208235350.0140129s1982 njua b 001 0 eng a0130038148 a(BD-RjUL)12891 aDLCcDLCdBD-RjULbeng aeng aWL 340 M357a00a616.8552219bMAA 19821 aMarquardt, Thomas P.10aAcquired neurogenic disorders /cThomas P. Marquardt. aEnglewood Cliffs, N.J. :bPrentice-Hall,cc1982. axi, 194 p. :bill. ;c24 cm.1 aRemediation of communication disorders series aIncludes index. aBibliography: p. 173-190. 0aSpeech disorders. 0aLanguage disorders. 0aBrain damagexComplications. 0aCommunicative disorders. 2aBrain damage, ChronicxComplications. 2aSpeech disordersxEtiology. 0aRemediation of communication disorders.